Capitals of the World by Second Letter - R - Statistics

General Stats
  • This quiz has been taken 1,013 times
  • The average score is 10 of 12
Answer Stats
Hint Capital % Correct
South America Brasilia
96%
Europe Bratislava
91%
Europe Brussels
90%
Europe Pristina
85%
Europe Prague
84%
Africa Pretoria
81%
Africa Praia
77%
Africa Brazzaville
76%
Africa Tripoli
76%
North America Bridgetown
73%
Africa Freetown
72%
Asia Sri Jayawardenapura Kotte
68%
No matching quizzes found
Score Distribution
Percent of People with Each Score
Percentile by Number Answered
Your Score History
You have not taken this quiz